000 00485nam a2200145 i 4500
001 57120
003 ES-MaACL
007 t|
008 031015s1935 sp ||||1| spa d
245 0 0 _aDispensario antituberculoso central de Santa Cruz de Tenerife.
260 _aSanta Cruz de Tenerife :
_bLucha Antituberculosa de España,
_c1935 (
_fTip. Católica)
300 _a92 p., 8 lám. :
_bil. ;
_c23 cm.
505 8 _aContiene: V. I: Abril 1933-Diciembre 1934
852 _aES-MaACL
_jC-7047
999 _c57120
_d57120